Бытие книги. Заметки о прошлом и настоящем книжного дела

Detalles Bibliográficos
Autor principal: Кодак Н. Ф. Николай Филиппович
Otros Autores: Сиволоб Ю. В. Юрий Владимирович, Чачко А. С. Ада Соломоновна
Lenguaje:ruso
Publicado: Киев, Лыбидь, 1991
Materias:
Formato: MixedMaterials Libro
KOHA link:https://koha.lib.tpu.ru/cgi-bin/koha/opac-detail.pl?biblionumber=167877

MARC

LEADER 00000nam0a2200000 4500
001 167877
005 20231101222723.0
010 |a 5110015864 
035 |a (RuTPU)RU\TPU\book\182127 
090 |a 167877 
100 |a 20091021d1991 k y0rusy50 ca 
101 0 |a rus 
102 |a UA 
105 |a y z 000zy 
200 1 |a Бытие книги. Заметки о прошлом и настоящем книжного дела  |f Н. Ф. Кодак, Ю. В. Сиволоб, А. С. Чачко 
210 |a Киев  |c Лыбидь  |d 1991 
215 |a 176 с. 
606 1 |a Книговедение  |2 stltpush  |3 (RuTPU)RU\TPU\subj\14571  |9 40942 
610 1 |a книги 
610 1 |a книжная культура 
610 1 |a книжность 
686 |a Ч611  |v LBC/SL-A  |2 rubbk 
700 1 |a Кодак  |b Н. Ф.  |g Николай Филиппович 
701 1 |a Сиволоб  |b Ю. В.  |g Юрий Владимирович 
701 1 |a Чачко  |b А. С.  |g Ада Соломоновна 
801 1 |a RU  |b 63413507  |c 20091021 
801 2 |a RU  |b 63413507  |c 20180222  |g RCR 
942 |c BK